00529nam a2200169Ia 450000500170000000800410001702000150005804000180007304100080009108200230009910000210012224501020014326000440024530000130028965000350030270000220033720220617171216.0210716s2001 xx 000 0 und d a8178083191 cAIMIT LIBRARY aeng a006.42 21stbSTER aSteinmetz, Ralf. aMultimedia: bcomputing communications and applications /cBy Ralf Steinmets and Klara Nahrstedt. aNew Delhi :bPearson Education ,c2001. axxvi,854 aGraphics ProgramMultimedia Sys aNahrstedt, Klara.